000
00322pab a2200145 454500
008
180718b1998 xxu||||| |||| 00| 0 eng d
100
_a
Nehru, Arun
245
_a
Ruling parties in trouble
260
_c
1998
300
_a
p.13
362
_a
21 Feb
650
_a
Elections
773
_a
Hindustan Times
909
_a
37515
999
_c
37515
_d
37515